| 000 | 00692nam a2200205Ia 4500 | ||
|---|---|---|---|
| 005 | 20260429112336.0 | ||
| 008 | 260429s9999||||xx |||||||||||||| ||und|| | ||
| 020 | _a9788126725878 | ||
| 041 | _aHindi | ||
| 082 |
_a301 _bDUB |
||
| 100 | _aदुबे,अजय कुमार | ||
| 245 | 0 |
_aसमाज- विज्ञान विश्वकोश / _cअजय कुमार दुबे |
|
| 250 | _a2nd ed. | ||
| 260 |
_aनई दिल्ली : _bराजकमल प्रकाशन, _c2015. |
||
| 300 | _alix, 1117 p.; Hb | ||
| 440 | _vखंड- 3 | ||
| 650 | _aSociology & anthropology | ||
| 700 | _a यादव,बीरपाल सिंह | ||
| 942 | _cTB | ||
| 999 |
_c53594 _d53594 |
||